Statistics for Fast Mathematics

Click here to take the quiz!

General Stats

  • This quiz has been taken 624 times
  • The average score is 11 of 15

Answer Stats

HintAnswer% Correct
2x24
100%
8x324
99%
8-62
94%
3x618
92%
18/63
89%
100-6931
84%
24x496
83%
31x262
82%
200/540
72%
44-386
64%
6x530
63%
22x488
38%
23-176
35%
33x6198
34%
98/147
23%

Score Distribution

Percentile by Number Answered

Percent of People with Each Score

Your Score History

You have not taken this quiz